00928cam a2200265 450000100060000000300080000600500170001400800410003102000150007203500190008704000270010604100080013308200270014110000280016824500950019626000450029130000510033650400210038750400190040865000260042765000340045394200120048799900170049995201460051633670BD-RJUL20211209052036.0140510t1970 enkabj b 001 0 eng d a0710066430 a(BD-RjUL)33761 aDLCbengcDLCdBD-RjUL aeng04a305.80095496bCAL 19701 aCaplan, Lionel.910222710aLand and social change in east Nepal :ba study of Hindu-tribal relations /cLionel Caplan aLondon :bRoutledge & Kegan Paul,c1970. axvi, 224 p., [8] p. of plates :bill. ;c23 cm aIncludes index.  aIncludes index 0aHinduszNepal9102228 0aLimbus (Asian people)9102229 2ddccBK c33670d33670 00102ddc40718NFICaRUCLbRUCLcReadingd1979-02-26eIndia int calg83.50l0o305.80095 CAL 1970r2014-05-10 00:00:00tC-1w2014-05-10yBK